• 首页
  • 本馆介绍
  • 公告通知
  • 最新文献
  • 馆藏检索
  • 电子资源
  • 读者导购
  • 参考咨询
  • 我的图书馆
  • 登录
  • 详细信息显示
  • 放入我的书架
  • 预约/预借图书
  • 作者相关作品
  • 分类相关作品
  • 丛书相关作品
  • 出版社相关作品

书目信息

  • 表格格式
  • 工作单格式
  • 卡片格式
题名:
新幼儿英语游戏用书
    
 
作者: ;海豚出版社学前教育研发室 编文 ;传奇图书工作室 绘画
分册: 6  
出版信息: 北京   海豚出版社  2003
页数: 46页
开本: 26cm
丛书名:
单 册:
中图分类: G613.2
科图分类:
主题词: 英语课--学前教育 , 英语课 , 学前教育
电子资源:
ISBN: 7-80138-307-9
000 01093nam0 2200277 45
001 0120066007903
005 20070104102707.85
010    @a7-80138-307-9@dCNY9.80
092    @aCN
100    @a20060810d2003 em y0chiy0120 ea
101 0  @achi
102    @aCN@b110000
105    @aa z 000yy
200 1  @a新幼儿英语游戏用书@Axin you er ying yu you xi yong shu@h6@f海豚出版社学前教育研发室编文@Fhai tun chu ban she xue qian jiao yu yan fa shi bian wen@g传奇图书工作室绘画@Gchuan qi tu shu gong zuo shi hui hua
210    @a北京@c海豚出版社@d2003
215    @a46页@c图@d26cm
330    @a本套书介绍了孩子的天性活泼,在游戏中学习符合他们的认知特点。为此,本书选用了孩子都喜欢的按个卡通形象——小猪罗比、小老鼠贝蒂等。
510 1  @aToddy' Scond Fun Book@zeng
606 0  @a英语课@x学前教育
606 0  @a英语课
606 0  @a学前教育
690    @aG613.2@v4
711 02 @a海豚出版社学前教育研发室@Ahai tun chu ban she xue qian jiao yu yan fa shi@4编文
712 02 @a传奇图书工作室@Achuan qi tu shu gong zuo shi@4绘画
801  0 @aCN@bLZJBOOK@c20070104
905    @a10447@dG613.2@e121:6
    
    新幼儿英语游戏用书.6/海豚出版社学前教育研发室编文/传奇图书工作室绘画.-北京:海豚出版社,2003
    46页:图;26cm
    
    
    ISBN 7-80138-307-9:CNY9.80
    本套书介绍了孩子的天性活泼,在游戏中学习符合他们的认知特点。为此,本书选用了孩子都喜欢的按个卡通形象——小猪罗比、小老鼠贝蒂等。
●
相关链接 在E读中查询图书 在五车中查询图书 在当当中查询图书 在豆瓣中查询图书


正题名:新幼儿英语游戏用书     索取号:G613.2/121:6         预约/预借

序号 登录号 条形码 馆藏地/架位号 状态 备注
1 0558334   205583340   第一样本阅览室/ [索取号:G613.2/121:6] 在馆    
2 0558335   205583359   教育系资料室/ [索取号:G613.2/121:6] 在馆    
3 0558336   205583368   教育系资料室/ [索取号:G613.2/121:6] 在馆    
4 0558337   205583377   第四借阅区/ [索取号:G613.2/121:6] 在馆    
5 0558338   205583386   教育系资料室/ [索取号:G613.2/121:6] 在馆    
6 0558339   205583395   教育系资料室/ [索取号:G613.2/121:6] 在馆    
7 0558340   205583402   第四借阅区/ [索取号:G613.2/121:6] 在馆    
8 0558341   205583411   教育系资料室/ [索取号:G613.2/121:6] 在馆    
唐山师范学院图书馆 欢迎您!
大连网信软件有限公司© 版权所有